书目信息 |
| 题名: |
中国环境规制与绿色经济增长
|
|
| 作者: | 弓媛媛, 著 | |
| 分册: | ||
| 出版信息: | 北京 经济管理出版社 2020.08 |
|
| 页数: | 233页 | |
| 开本: | 24cm | |
| 丛书名: | ||
| 单 册: | ||
| 中图分类: | X32 , X32 | |
| 科图分类: | ||
| 主题词: | 环境规划--huan jing gui hua--关系--绿色经济--经济增长--研究--中国 | |
| 电子资源: | ||
| ISBN: | 978-7-5096-7096-5 | |
| 000 | 02099nam0 2200265 450 | |
| 001 | 011025154658 | |
| 005 | 20221025154658.0 | |
| 010 | @a978-7-5096-7096-5@dCNY78.00 | |
| 099 | @aCAL 012020391630 | |
| 100 | @a20201004d2020 em y0chiy50 ea | |
| 101 | 0 | @achi |
| 102 | @aCN@b110000 | |
| 105 | @aak a 000yy | |
| 106 | @ar | |
| 200 | 1 | @a中国环境规制与绿色经济增长@Azhong guo huan jing gui zhi yu lv se jing ji zeng chang@d= Environmental regulation and green economic growth in China@f弓媛媛著@zeng |
| 210 | @a北京@c经济管理出版社@d2020.08 | |
| 215 | @a233页@c图@d24cm | |
| 320 | @a有书目 (第196-233页) | |
| 330 | @a改革开放以来,我国经济建设取得了举世瞩目的成就,但粗放式增长也给资源环境带来了巨大压力。环境规制在解决“市场失灵”、促进生态环境保护和绿色增长方面有重要作用,研究环境规制对绿色经济增长的影响、探索经济增长与资源环境协调发展的模式,在当前具有十分重要的理论和现实意义。本书借鉴绿色索洛模型构建了环境规制与绿色经济增长的理论分析框架,从绿色经济效率、绿色技术创新与产业结构优化三个视角重点分析了环境规制对绿色经济增长的作用机制,并分别从以上三个视角进行实证检验。从绿色经济效率角度,利用SBM和GML指数测算1997~2013年30个省(直辖市、自治区)的绿色经济效率,并利用面板门槛模型分析了不同类型环境规制与绿色经济效率之间的非线性关系。研究发现环境规制与绿色经济效率之间符合“U”型关系,环境规制的滞后一期项存在单一门槛,行政型、市场型和自愿参与型环境规制对绿色经济效率的门槛效应也存在差异;从绿色技术创新角度,测度并分析了30个省区的绿色技术创新效率及其时空演变规律,探讨了环境规制对绿色技术创新效率的影响。研究发现环境规制与绿色技术创新效率之间呈倒“N”型关系,经济规模、经济结构、贸易开放对绿色技术创新效率有显著的促进作用;从产业结构优化角度,基于改进的两部门非均衡增长模型来分析环境规制对产业结构高级化指数的影响,采用非线性面板估计方法实证检验了环境规制与产业结构高级化指数之间的关系。 | |
| 510 | 1 | @aEnvironmental regulation and green economic growth in China@zeng |
| 606 | 0 | @a环境规划@Ahuan jing gui hua@x关系@x绿色经济@x经济增长@x研究@y中国 |
| 690 | @aX32@v5 | |
| 690 | @aX32@v5 | |
| 701 | 0 | @a弓媛媛,@Agong yuan yuan ,@f1987-@4著 |
| 905 | @a河南城建学院图书馆@dX32@eG357 | |
| 中国环境规制与绿色经济增长= Environmental regulation and green economic growth in China/弓媛媛著.-北京:经济管理出版社,2020.08 |
| 233页:图;24cm |
| ISBN 978-7-5096-7096-5:CNY78.00 |
| 改革开放以来,我国经济建设取得了举世瞩目的成就,但粗放式增长也给资源环境带来了巨大压力。环境规制在解决“市场失灵”、促进生态环境保护和绿色增长方面有重要作用,研究环境规制对绿色经济增长的影响、探索经济增长与资源环境协调发展的模式,在当前具有十分重要的理论和现实意义。本书借鉴绿色索洛模型构建了环境规制与绿色经济增长的理论分析框架,从绿色经济效率、绿色技术创新与产业结构优化三个视角重点分析了环境规制对绿色经济增长的作用机制,并分别从以上三个视角进行实证检验。从绿色经济效率角度,利用SBM和GML指数测算1997~2013年30个省(直辖市、自治区)的绿色经济效率,并利用面板门槛模型分析了不同类型环境规制与绿色经济效率之间的非线性关系。研究发现环境规制与绿色经济效率之间符合“U”型关系,环境规制的滞后一期项存在单一门槛,行政型、市场型和自愿参与型环境规制对绿色经济效率的门槛效应也存在差异;从绿色技术创新角度,测度并分析了30个省区的绿色技术创新效率及其时空演变规律,探讨了环境规制对绿色技术创新效率的影响。研究发现环境规制与绿色技术创新效率之间呈倒“N”型关系,经济规模、经济结构、贸易开放对绿色技术创新效率有显著的促进作用;从产业结构优化角度,基于改进的两部门非均衡增长模型来分析环境规制对产业结构高级化指数的影响,采用非线性面板估计方法实证检验了环境规制与产业结构高级化指数之间的关系。 |
| ● |
| 相关链接 |
|
|
|
正题名:中国环境规制与绿色经济增长
索取号:X32/G357
 
预约/预借
| 序号 | 登录号 | 条形码 | 馆藏地/架位号 | 状态 | 备注 |
| 1 | 1591323 | 215913233 | 自科库501/501自科库 65排5列5层/ [索取号:X32/G357] | 在馆 | |
| 2 | 1591324 | 215913242 | 自科库501/501自科库 65排5列5层/ [索取号:X32/G357] | 在馆 |